[Event "chess.com SpeedChess Q1KO"]
[Site "chess.com INT"]
[Date "2022.11.11"]
[Round "1.6"]
[White "Chigaev, Maksim"]
[Black "Le, Tuan Minh"]
[Result "1-0"]
[WhiteTitle "GM"]
[BlackTitle "IM"]
[WhiteElo "2632"]
[BlackElo "2542"]
[WhiteFideId "4108116"]
[BlackFideId "12401153"]
[EventDate "2022.11.11"]

1. Nf3 Nf6 2. c4 c6 3. g3 d5 4. Bg2 g6 5. O-O Bg7 6. d4 O-O 7. Nc3 dxc4 8. e4
Bg4 9. h3 Bxf3 10. Bxf3 e6 11. Be3 Qa5 12. Qe2 Qa6 13. h4 Nbd7 14. e5 Nd5 15. h5
Qb6 16. h6 Bh8 17. Qxc4 Qxb2 18. Ne4 N7b6 19. Qc5 Qb4 20. Qxb4 Nxb4 21. Nd6 Rab8
22. a3 N4d5 23. a4 Nc8 24. Ne4 Nce7 25. Bg5 Nf5 26. Rfd1 f6 27. exf6 Bxf6 28.
Bxf6 Nxf6 29. Nc5 Kf7 30. Rab1 Rfd8 31. Nxb7 Rf8 32. Nc5 Nxh6 33. Bxc6 Nf5 34.
d5 exd5 35. Rxb8 Rxb8 36. Bxd5+ Nxd5 37. Rxd5 Rb1+ 38. Kg2 Rb2 39. Rd7+ Kf6 40.
Rxa7 h5 41. Ra6+ Kf7 42. Nd3 g5 43. Nxb2 1-0

[Event "chess.com SpeedChess Q1KO"]
[Site "chess.com INT"]
[Date "2022.11.11"]
[Round "1.6"]
[White "Lazavik, Denis"]
[Black "Sarana, Alexey"]
[Result "0-1"]
[WhiteTitle "IM"]
[BlackTitle "GM"]
[WhiteElo "2529"]
[BlackElo "2668"]
[WhiteFideId "13515110"]
[BlackFideId "24133795"]
[EventDate "2022.11.11"]

1. d4 d5 2. c4 e6 3. Nf3 a6 4. cxd5 exd5 5. Nc3 Nf6 6. Bg5 Be6 7. e3 Nbd7 8. Bd3
Bd6 9. O-O c6 10. Bf4 Qc7 11. Bxd6 Qxd6 12. h3 O-O 13. Qc2 Rfe8 14. Rfc1 g6 15.
Na4 Ne4 16. b4 f5 17. Nc5 Rab8 18. a4 Re7 19. Rab1 Ndxc5 20. dxc5 Qc7 21. b5
axb5 22. axb5 Rf8 23. Nd4 Bd7 24. bxc6 bxc6 25. Re1 Qa5 26. Nb3 Qc7 27. Ra1 Ng5
28. f4 Nf7 29. Nd4 Rfe8 30. Qd2 Nd8 31. Ra8 Ne6 32. Rxe8+ Rxe8 33. Qc3 Nxd4 34.
Qxd4 Qa5 35. Kf2 Bc8 36. Rd1 Qd8 37. Kg1 Qe7 38. Re1 Kf7 39. Re2 h6 40. Kh2 Qf6
41. Qxf6+ Kxf6 42. Kg3 g5 43. Kf2 Be6 44. Rb2 Ra8 45. Rb6 Bd7 46. Rb7 Be8 47.
Rh7 Ra2+ 48. Kf1 Ra1+ 49. Ke2 Ra2+ 50. Ke1 Ra1+ 51. Kd2 Ra2+ 52. Bc2 gxf4 53.
exf4 Bg6 54. Rc7 Be8 55. Kc1 Ra5 56. Rh7 Bg6 57. Rxh6 Kg7 58. Rh4 Rxc5 59. Kd2
Rc4 60. g3 c5 61. Bd3 Rd4 62. Ke3 Ra4 63. g4 Ra3 64. Kd2 c4 65. Bc2 d4 66. gxf5
Bf7 67. f6+ Kxf6 68. Rh6+ Ke7 69. Rc6 Bd5 70. Rh6 d3 71. Bd1 Be4 72. Ke3 Bf5 73.
Rh5 Kf6 74. Rh6+ Ke7 75. Rh5 Ke6 76. Rh6+ Kd7 77. Rh5 Be6 78. f5 Bf7 79. Rh7 Ke8
80. f6 Ra6 81. Rh8+ Kd7 82. Bg4+ Kd6 83. Rh7 Bd5 84. f7 Ra8 85. Kd4 Bxf7 86.
Rxf7 d2 0-1

[Event "chess.com SpeedChess Q1KO"]
[Site "chess.com INT"]
[Date "2022.11.11"]
[Round "1.6"]
[White "Mamedov, Rauf"]
[Black "Dubov, Daniil"]
[Result "1/2-1/2"]
[WhiteTitle "GM"]
[BlackTitle "GM"]
[WhiteElo "2646"]
[BlackElo "2708"]
[WhiteFideId "13401653"]
[BlackFideId "24126055"]
[EventDate "2022.11.11"]

1. Nf3 Nf6 2. g3 b6 3. Bg2 Bb7 4. d3 d5 5. O-O e6 6. Nbd2 Be7 7. e4 dxe4 8. Ng5
Nbd7 9. Ngxe4 Nxe4 10. Nxe4 O-O 11. Nf6+ Bxf6 12. Bxb7 Rb8 13. Bg2 c5 14. c3 Qc7
15. Qe2 Rbd8 16. a4 Rfe8 17. a5 h6 18. Re1 Nf8 19. axb6 axb6 20. Bf4 Qd7 21. Ra6
Qb5 22. Rea1 Ng6 23. Bc7 Qxd3 24. Qxd3 Rxd3 25. Rxb6 Be5 26. Rb7 Rd2 27. Be4 f5
28. Bf3 Bxc7 29. Rxc7 Re7 30. Rxc5 Rxb2 31. Bh5 Kh7 32. Ra8 Rd7 33. Rc6 Rb1+ 34.
Kg2 Re1 35. Rcc8 Rd2 36. c4 e5 37. Rc6 Nh8 38. c5 e4 39. Rd6 Rc2 40. c6 e3 41.
Rdd8 Ng6 42. Rd6 Nh8 43. Rdd8 Ng6 44. Rd6 Ne5 45. Rdd8 Ng6 1/2-1/2

[Event "chess.com SpeedChess Q1KO"]
[Site "chess.com INT"]
[Date "2022.11.11"]
[Round "1.6"]
[White "Paravyan, David"]
[Black "Martinez Alcantara, Jose Eduardo"]
[Result "1-0"]
[WhiteTitle "GM"]
[BlackTitle "GM"]
[WhiteElo "2586"]
[BlackElo "2597"]
[WhiteFideId "4194985"]
[BlackFideId "3805662"]
[EventDate "2022.11.11"]

1. e4 e5 2. Nf3 Nc6 3. Nc3 Nf6 4. d4 exd4 5. Nxd4 Bb4 6. Nxc6 bxc6 7. Bd3 O-O 8.
O-O Re8 9. Qf3 h6 10. Bf4 d6 11. h3 Nd7 12. Qg3 Qf6 13. Na4 Nc5 14. Nxc5 Bxc5
15. Rae1 Bd4 16. c3 Be5 17. Bxe5 Qxe5 18. f4 Qc5+ 19. Kh2 Bd7 20. e5 dxe5 21.
fxe5 Be6 22. b4 Qe7 23. Be4 Bd7 24. e6 fxe6 25. Qg6 1-0

[Event "chess.com SpeedChess Q1KO"]
[Site "chess.com INT"]
[Date "2022.11.11"]
[Round "1.7"]
[White "Dubov, Daniil"]
[Black "Mamedov, Rauf"]
[Result "1-0"]
[WhiteTitle "GM"]
[BlackTitle "GM"]
[WhiteElo "2708"]
[BlackElo "2646"]
[WhiteFideId "24126055"]
[BlackFideId "13401653"]
[EventDate "2022.11.11"]

1. Nf3 Nf6 2. g3 g6 3. b3 Bg7 4. Bb2 d6 5. d4 O-O 6. Bg2 b5 7. Qd3 a6 8. O-O Bb7
9. Nbd2 c5 10. dxc5 dxc5 11. Qxd8 Rxd8 12. Rfd1 Nbd7 13. a4 Nb6 14. Ne5 Bxg2 15.
Kxg2 Ng4 16. Nxg4 Bxb2 17. Rab1 Bg7 18. axb5 axb5 19. Ne3 Bd4 20. Kf3 Bxe3 21.
fxe3 Ra2 22. Ne4 Rxd1 23. Rxd1 Rxc2 24. Rd8+ Kg7 25. Rb8 Nd7 26. Rxb5 Ne5+ 27.
Kf4 f6 28. Nxc5 Rxe2 29. h4 h6 30. b4 Kf7 31. Ke4 Rg2 32. Rb8 Rxg3 33. b5 Rg1
34. b6 Rc1 35. Rc8 Rb1 36. b7 Rb4+ 37. Kd5 e6+ 38. Nxe6 1-0

[Event "chess.com SpeedChess Q1KO"]
[Site "chess.com INT"]
[Date "2022.11.11"]
[Round "1.7"]
[White "Le, Tuan Minh"]
[Black "Chigaev, Maksim"]
[Result "1-0"]
[WhiteTitle "IM"]
[BlackTitle "GM"]
[WhiteElo "2542"]
[BlackElo "2632"]
[WhiteFideId "12401153"]
[BlackFideId "4108116"]
[EventDate "2022.11.11"]

1. d4 Nf6 2. Nf3 g6 3. Bg5 Bg7 4. Nbd2 O-O 5. c3 d6 6. e4 Nc6 7. Bc4 Qe8 8. O-O
e5 9. Re1 Kh8 10. Qc2 Nd7 11. Qd3 a6 12. a4 f5 13. exf5 gxf5 14. Qe3 Qh5 15. d5
Nd8 16. Bxd8 Rxd8 17. Qg5 Nf6 18. Qxh5 Nxh5 19. Ng5 Re8 20. Ndf3 Nf6 21. Rad1
Kg8 22. Ne6 Re7 23. Nh4 Bxe6 24. dxe6 f4 25. Nf5 Kf8 26. g3 fxg3 27. fxg3 Rae8
28. Nxe7 Kxe7 29. b4 h5 30. b5 axb5 31. axb5 c6 32. bxc6 bxc6 33. Ra1 d5 34.
Ra7+ Kxe6 35. Bxd5+ Nxd5 36. Rxg7 Nxc3 37. Kg2 Kd5 38. Rc1 Nb5 39. Rd7+ Ke6 40.
Rh7 Nd4 41. Rxh5 Kd5 42. Rh7 c5 43. Rd7+ Kc6 44. Ra7 Kd5 45. h4 e4 46. h5 e3 47.
h6 Rf8 48. h7 e2 49. Rg7 Nf5 50. Rg8 Ne3+ 51. Kh2 Rf1 52. h8=Q Rxc1 53. Rd8+ Kc4
54. Qg8+ Kc3 55. Qg7+ Kc2 56. Qh7+ Kc3 57. Qd3+ Kb4 58. Rb8+ 1-0

[Event "chess.com SpeedChess Q1KO"]
[Site "chess.com INT"]
[Date "2022.11.11"]
[Round "1.7"]
[White "Martinez Alcantara, Jose Eduardo"]
[Black "Paravyan, David"]
[Result "0-1"]
[WhiteTitle "GM"]
[BlackTitle "GM"]
[WhiteElo "2597"]
[BlackElo "2586"]
[WhiteFideId "3805662"]
[BlackFideId "4194985"]
[EventDate "2022.11.11"]

1. e4 e5 2. Nf3 Nf6 3. Nxe5 d6 4. Nf3 Nxe4 5. Nc3 Nxc3 6. dxc3 Be7 7. Be3 O-O 8.
Qd2 Bg4 9. O-O-O Nd7 10. h3 Bxf3 11. gxf3 c6 12. h4 d5 13. h5 Re8 14. Be2 Bc5
15. h6 g6 16. c4 Bxe3 17. fxe3 Qe7 18. cxd5 cxd5 19. e4 Nf6 20. Bb5 Red8 21. e5
Qxe5 22. Rhe1 Qf5 23. Qd4 Rd6 24. Kb1 Rf8 25. Qc5 Re6 26. Qd4 Qxf3 27. Rf1 Qh5
28. Rh1 Qe5 29. Qxa7 Ne4 30. Bd3 b5 31. Bxe4 dxe4 32. a3 e3 33. Rhe1 e2 34. Rd2
Qf4 35. Qa5 Qxh6 36. Rdxe2 Rxe2 37. Rxe2 Qg5 38. a4 Qg4 39. Re5 bxa4 40. Rb5 h5
41. Rb4 Qg1+ 42. Ka2 Qd1 43. Qxa4 Qd5+ 44. c4 Qf3 45. Rb3 Qe4 46. Qb4 Ra8+ 47.
Ra3 Rxa3+ 48. Kxa3 h4 49. Qb8+ Kg7 50. c5 h3 51. b4 Qf3+ 52. Ka4 Qg2 53. Qe5+
Kg8 54. Qe8+ Kg7 55. Qe5+ Kh7 56. Qc7 Qa2+ 57. Kb5 h2 58. Qc6 Qe2+ 59. Kb6 Qe6
60. Qxe6 fxe6 61. c6 h1=Q 62. c7 Qa8 0-1

[Event "chess.com SpeedChess Q1KO"]
[Site "chess.com INT"]
[Date "2022.11.11"]
[Round "1.7"]
[White "Sarana, Alexey"]
[Black "Lazavik, Denis"]
[Result "0-1"]
[WhiteTitle "GM"]
[BlackTitle "IM"]
[WhiteElo "2668"]
[BlackElo "2529"]
[WhiteFideId "24133795"]
[BlackFideId "13515110"]
[EventDate "2022.11.11"]

1. d4 Nf6 2. c4 e6 3. Nc3 Bb4 4. e3 O-O 5. Bd3 c5 6. Ne2 cxd4 7. exd4 d5 8. O-O
dxc4 9. Bxc4 b6 10. Bg5 Bb7 11. Qd3 Be7 12. Nf4 Nc6 13. Rad1 Rc8 14. Rfe1 Na5
15. Nxe6 fxe6 16. Bxe6+ Kh8 17. Bxc8 Bxc8 18. d5 Bb4 19. d6 h6 20. Bxf6 Qxf6 21.
Ne4 Qg6 22. Re3 Bf5 23. Qd4 Nc6 24. Qd5 Bd7 25. a3 Rf5 26. Qd3 Bc5 27. Nxc5 bxc5
28. Rf3 Nd4 29. Rxf5 Bxf5 30. Qa6 Be4 31. f3 Nxf3+ 32. Kf2 Nd4 33. Qc8+ Kh7 34.
g3 Qf6+ 35. Ke1 Qf3 36. Rxd4 cxd4 37. d7 Qe3+ 38. Kf1 d3 39. d8=Q Qe2+ 40. Kg1
Qg2# 0-1

[Event "chess.com SpeedChess Q1KO"]
[Site "chess.com INT"]
[Date "2022.11.11"]
[Round "1.8"]
[White "Chigaev, Maksim"]
[Black "Le, Tuan Minh"]
[Result "0-1"]
[WhiteTitle "GM"]
[BlackTitle "IM"]
[WhiteElo "2632"]
[BlackElo "2542"]
[WhiteFideId "4108116"]
[BlackFideId "12401153"]
[EventDate "2022.11.11"]

1. Nf3 d5 2. c4 c6 3. g3 Nf6 4. Bg2 g6 5. O-O Bg7 6. d4 O-O 7. Nc3 dxc4 8. e4
Bg4 9. h3 Bxf3 10. Bxf3 e6 11. Be3 Qa5 12. Qe2 Qa6 13. h4 h5 14. e5 Nd5 15. Bxh5
gxh5 16. Qxh5 f5 17. exf6 Nxf6 18. Qg6 Qa5 19. g4 Qc7 20. h5 Qf7 21. Qg5 Nh7 22.
Qh4 c5 23. Rad1 Nc6 24. dxc5 Rad8 25. f4 Rd3 26. Rxd3 cxd3 27. Ne4 Qd7 28. Nd6
b6 29. g5 bxc5 30. Bxc5 Bd4+ 31. Bxd4 Nxd4 32. Ne4 Qd5 33. g6 Qxe4 34. gxh7+ Kh8 0-1

[Event "chess.com SpeedChess Q1KO"]
[Site "chess.com INT"]
[Date "2022.11.11"]
[Round "1.8"]
[White "Lazavik, Denis"]
[Black "Sarana, Alexey"]
[Result "1/2-1/2"]
[WhiteTitle "IM"]
[BlackTitle "GM"]
[WhiteElo "2529"]
[BlackElo "2668"]
[WhiteFideId "13515110"]
[BlackFideId "24133795"]
[EventDate "2022.11.11"]

1. d4 Nf6 2. c4 e6 3. Nf3 d5 4. Nc3 c5 5. cxd5 Nxd5 6. e4 Nxc3 7. bxc3 cxd4 8.
cxd4 Bb4+ 9. Bd2 Bxd2+ 10. Qxd2 O-O 11. Rd1 b6 12. Bd3 Ba6 13. Bxa6 Nxa6 14. O-O
Qd6 15. Qe2 Nb4 16. h4 Rac8 17. Rd2 h6 18. Rfd1 Rc3 19. g3 Rfc8 20. Kg2 Nc2 21.
h5 R3c4 22. d5 exd5 23. exd5 R4c5 24. Nh4 Qd7 25. Qf3 Re8 26. Re2 Rxe2 27. Qxe2
Rxd5 28. Rc1 Nd4 29. Qe4 Ne6 30. Nf3 Nc5 31. Qh4 Qf5 32. Re1 Rd3 33. Qf4 Qxf4
34. gxf4 f6 35. Re7 a6 36. Nh4 Rd5 37. f5 Rd7 38. Re3 Kf7 39. Ng6 b5 40. Nh8+
Kf8 41. Ng6+ Kf7 42. Nh8+ Kf8 43. Ng6+ Kf7 1/2-1/2

[Event "chess.com SpeedChess Q1KO"]
[Site "chess.com INT"]
[Date "2022.11.11"]
[Round "1.8"]
[White "Mamedov, Rauf"]
[Black "Dubov, Daniil"]
[Result "1-0"]
[WhiteTitle "GM"]
[BlackTitle "GM"]
[WhiteElo "2646"]
[BlackElo "2708"]
[WhiteFideId "13401653"]
[BlackFideId "24126055"]
[EventDate "2022.11.11"]

1. Nf3 Nf6 2. g3 g6 3. Bg2 Bg7 4. O-O O-O 5. d3 d6 6. e4 e5 7. Nc3 c6 8. Re1
Nbd7 9. a4 Re8 10. a5 Rb8 11. Be3 b6 12. axb6 axb6 13. d4 Qc7 14. d5 Bb7 15. Nd2
b5 16. dxc6 Bxc6 17. Nb3 b4 18. Nd5 Bxd5 19. exd5 Rec8 20. Ra7 Qxc2 21. Na5 Qxb2
22. Nc6 b3 23. Bh3 Ra8 24. Ne7+ Kh8 25. Nxc8 Rxc8 26. Bxd7 Rb8 27. Bc6 h5 28.
Qb1 Qc3 29. Rc1 Qb4 30. Rxf7 b2 31. Rc2 Ne4 32. Rxb2 Qxb2 33. Qxe4 Qb1+ 34. Qxb1
Rxb1+ 35. Kg2 1-0

[Event "chess.com SpeedChess Q1KO"]
[Site "chess.com INT"]
[Date "2022.11.11"]
[Round "1.8"]
[White "Paravyan, David"]
[Black "Martinez Alcantara, Jose Eduardo"]
[Result "1/2-1/2"]
[WhiteTitle "GM"]
[BlackTitle "GM"]
[WhiteElo "2586"]
[BlackElo "2597"]
[WhiteFideId "4194985"]
[BlackFideId "3805662"]
[EventDate "2022.11.11"]

1. e4 e5 2. Nf3 Nc6 3. Nc3 Nf6 4. d4 exd4 5. Nxd4 Bb4 6. Nxc6 bxc6 7. Bd3 O-O 8.
O-O Re8 9. Qf3 h6 10. Bf4 d6 11. h3 Nd7 12. Qg3 Qf6 13. Rfe1 Ne5 14. Bf1 Rb8 15.
Be3 Ba5 16. Rab1 Bb6 17. Bxb6 axb6 18. a4 g5 19. Ne2 Ng6 20. Nc1 Ra8 21. b3 Kg7
22. Nd3 c5 23. Re3 Bb7 24. Rbe1 Re6 25. e5 dxe5 26. Nxe5 Nf4 27. Ng4 Qd4 28.
Rxe6 Nxe6 29. h4 Qf4 30. hxg5 hxg5 31. Qxf4 gxf4 32. Bc4 Re8 33. f3 Bc8 34. Kf2
Rd8 35. Bxe6 Bxe6 36. Ne5 Bf5 37. Re2 Rd6 38. g3 fxg3+ 39. Kxg3 Rd4 40. Nc4 Be6
41. Ne3 c4 42. bxc4 Kf8 43. Re1 Rd8 44. Ra1 Ra8 45. c5 bxc5 46. a5 Ke8 47. Kf4
Ke7 48. a6 Kd6 49. a7 Kc6 50. Ke5 Kb6 51. Nd5+ Kc6 52. c4 Kb7 53. f4 Bd7 54. Nf6
Be6 55. Ne4 Kb6 56. Rb1+ Kc6 57. Ra1 Kb6 58. Rb1+ Kc6 59. Rb5 Rxa7 60. Rxc5+ Kd7
61. Nf6+ Ke7 62. f5 Bc8 63. Nd5+ Kd8 64. Rc6 Bd7 65. Rh6 Ba4 66. Rh8+ Kd7 67.
Rh7 Ke8 68. Kf6 Ra6+ 69. Kg7 Rc6 70. Rh8+ Kd7 71. Nf6+ Ke7 72. Re8+ Kd6 73. Re4
Rc5 74. Rf4 Ke5 75. Rf2 Bb3 76. Kxf7 Rxc4 77. Kg7 Rc3 78. Nd7+ Kd6 79. Nf8 Rg3+
80. Ng6 c5 81. f6 Be6 82. Rd2+ Kc7 83. f7 Bxf7 84. Kxf7 Kb6 85. Kf6 Rf3+ 86. Ke6
Ra3 87. Ne5 Kb5 88. Rb2+ Ka4 89. Kd5 Rb3 90. Ra2+ Ra3 91. Rh2 Rc3 92. Rh4+ Kb3
93. Rh8 Rg3 94. Rb8+ Kc3 95. Rc8 Rg7 96. Ra8 Kb3 97. Rb8+ Kc3 98. Rc8 Kb3 99.
Rxc5 Rh7 100. Rb5+ Kc3 101. Rb1 Kc2 102. Rg1 Rh8 103. Rg2+ Kc3 104. Rg3+ Kb4
105. Nc6+ Ka4 106. Kc4 Rh4+ 107. Nd4 Ka5 108. Rg6 Rf4 109. Kc5 Rh4 110. Rg5 Ka6
111. Rg7 Rh5+ 112. Kd6 Rh6+ 113. Ne6 Ka5 114. Rg1 Kb4 115. Rc1 Kb3 116. Kd5 Kb2
117. Rc6 Rh5+ 118. Ke4 Rh4+ 119. Nf4 Ka3 120. Ke5 Kb4 121. Nd3+ Kb5 122. Rc5+
Kb6 123. Rc1 Rh5+ 124. Kd6 Rh6+ 125. Kd5 Rh5+ 126. Ne5 Ka7 127. Rb1 Ka6 128. Rb8
Ka7 129. Rb5 Ka6 130. Kc6 Rh6+ 131. Kc5 Rh5 132. Kb4 Rh4+ 133. Nc4 Ka7 134. Rc5
Rh1 135. Na3 Rh4+ 136. Ka5 Kb7 137. Nb5 Rh7 138. Nd6+ Ka7 139. Rc8 Rh5+ 140.
Nb5+ Kb7 141. Rc7+ Kb8 142. Re7 Rh6 143. Nd4 Kc8 144. Kb5 Kd8 145. Ra7 Ke8 146.
Kc5 Kf8 147. Kd5 Rh1 148. Ke6 Re1+ 149. Kf6 1/2-1/2

[Event "chess.com SpeedChess Q1KO"]
[Site "chess.com INT"]
[Date "2022.11.11"]
[Round "1.9"]
[White "Dubov, Daniil"]
[Black "Mamedov, Rauf"]
[Result "0-1"]
[WhiteTitle "GM"]
[BlackTitle "GM"]
[WhiteElo "2708"]
[BlackElo "2646"]
[WhiteFideId "24126055"]
[BlackFideId "13401653"]
[EventDate "2022.11.11"]

1. e4 c5 2. Nf3 d6 3. Bb5+ Bd7 4. Bxd7+ Qxd7 5. O-O Nc6 6. Re1 Nf6 7. c3 e6 8.
d4 cxd4 9. cxd4 d5 10. e5 Ne4 11. Re3 Bb4 12. Ne1 h6 13. Nd3 Be7 14. f3 Ng5 15.
Nf2 f6 16. f4 Ne4 17. Nxe4 dxe4 18. Qh5+ Kf8 19. Rxe4 f5 20. Re1 Nxd4 21. Nc3
Nc2 22. Rd1 Qe8 23. Qxe8+ Kxe8 24. Rb1 Kf7 25. Kf1 Rhd8 26. Rd2 Ne3+ 27. Kf2
Ng4+ 28. Kg3 Rxd2 29. Bxd2 Rd8 0-1

[Event "chess.com SpeedChess Q1KO"]
[Site "chess.com INT"]
[Date "2022.11.11"]
[Round "1.9"]
[White "Le, Tuan Minh"]
[Black "Chigaev, Maksim"]
[Result "1-0"]
[WhiteTitle "IM"]
[BlackTitle "GM"]
[WhiteElo "2542"]
[BlackElo "2632"]
[WhiteFideId "12401153"]
[BlackFideId "4108116"]
[EventDate "2022.11.11"]

1. d4 Nf6 2. Nf3 g6 3. Bg5 Bg7 4. Nbd2 O-O 5. c3 d6 6. e4 Nc6 7. Bc4 Qe8 8. O-O
Nd7 9. Re1 e5 10. Nf1 Kh8 11. Ng3 Nb6 12. Bd5 Bg4 13. Bxc6 bxc6 14. dxe5 Bxf3
15. Qxf3 Qxe5 16. Be3 c5 17. Rad1 a5 18. Bf4 Qe6 19. h4 h5 20. Rd3 a4 21. Nxh5
gxh5 22. Qxh5+ Kg8 23. Rg3 f6 24. Rxg7+ 1-0

[Event "chess.com SpeedChess Q1KO"]
[Site "chess.com INT"]
[Date "2022.11.11"]
[Round "1.9"]
[White "Martinez Alcantara, Jose Eduardo"]
[Black "Paravyan, David"]
[Result "1-0"]
[WhiteTitle "GM"]
[BlackTitle "GM"]
[WhiteElo "2597"]
[BlackElo "2586"]
[WhiteFideId "3805662"]
[BlackFideId "4194985"]
[EventDate "2022.11.11"]

1. e4 e5 2. Nf3 Nf6 3. Nxe5 d6 4. Nf3 Nxe4 5. Nc3 Nxc3 6. dxc3 Be7 7. Be3 O-O 8.
Qd2 Bg4 9. O-O-O Nd7 10. h3 Bxf3 11. gxf3 c6 12. h4 d5 13. h5 Re8 14. h6 g6 15.
c4 Nb6 16. Kb1 Bf6 17. Qb4 Qc7 18. Bd3 dxc4 19. Bxc4 Qe5 20. Bd4 Qf5 21. Bxf6
Qxf6 22. Bb3 Rad8 23. Rxd8 Rxd8 24. a4 Qxf3 25. Re1 Rd1+ 26. Ka2 Rxe1 27. Qxe1
Nd7 28. Qe8+ Nf8 29. Qe5 Ne6 30. Bxe6 Kf8 31. Bb3 Qxf2 32. Qh8+ Ke7 33. Qxh7 c5
34. Qg7 c4 35. Bxc4 Qf4 36. Bb3 Qf6 37. Qg8 g5 38. h7 1-0

[Event "chess.com SpeedChess Q1KO"]
[Site "chess.com INT"]
[Date "2022.11.11"]
[Round "1.9"]
[White "Sarana, Alexey"]
[Black "Lazavik, Denis"]
[Result "1/2-1/2"]
[WhiteTitle "GM"]
[BlackTitle "IM"]
[WhiteElo "2668"]
[BlackElo "2529"]
[WhiteFideId "24133795"]
[BlackFideId "13515110"]
[EventDate "2022.11.11"]

1. c4 Nf6 2. g3 e6 3. Bg2 d5 4. Nf3 dxc4 5. O-O Nbd7 6. Qa4 a6 7. Qxc4 b5 8. Qc2
Bb7 9. d3 c5 10. e4 Be7 11. b3 O-O 12. Bb2 Rc8 13. Rd1 Qb6 14. Nc3 Rfd8 15. Qe2
Nb8 16. Qe3 Nc6 17. Ne2 Nd7 18. Nf4 Bf6 19. e5 Be7 20. h4 Nb4 21. Qe2 Nd5 22.
Nh3 Nf8 23. Nhg5 h6 24. Ne4 Nb4 25. a3 Nc6 26. Rac1 Na5 27. Nfd2 Bd5 28. Qg4 Kh8
29. Nf6 Bxg2 30. Kxg2 Nh7 31. b4 Nb7 32. Nxh7 Kxh7 33. Nf3 cxb4 34. axb4 Kg8 35.
h5 a5 36. Bd4 Qa6 37. bxa5 Nxa5 38. Be3 Kh8 39. Qf4 Kg8 40. Ra1 b4 41. Qg4 Kh8
42. Qe4 Qb5 43. Rdb1 Nc6 44. d4 Qd5 45. Qf4 Rf8 46. Kg1 Rb8 47. Nd2 Bg5 48. Qg4
Bxe3 49. fxe3 Nxe5 50. Qe2 Nc6 51. Ra6 e5 52. Qc4 Qxc4 53. Nxc4 Rfc8 54. Nd6 Rc7
55. d5 Nd8 56. Ra4 b3 57. Kf2 Rd7 58. Ra6 Kg8 59. e4 f6 60. Nf5 Nf7 61. Ra3 Rdb7
62. Rb2 Ng5 63. Ke3 Rb4 64. Nd6 Kf8 65. Kd3 R8b6 66. Ra8+ Rb8 67. Rxb8+ Rxb8 68.
Kc4 Ke7 69. Nf5+ Kf7 70. Nd6+ Ke7 71. Nf5+ Kf8 72. d6 Nxe4 73. Kd5 Nc3+ 74. Kc6
Na4 75. Rb1 Nc3 76. Rb2 Na4 77. Rb1 Nc3 78. Rb2 1/2-1/2

[Event "chess.com SpeedChess Q1KO"]
[Site "chess.com INT"]
[Date "2022.11.11"]
[Round "1.10"]
[White "Chigaev, Maksim"]
[Black "Le, Tuan Minh"]
[Result "1/2-1/2"]
[WhiteTitle "GM"]
[BlackTitle "IM"]
[WhiteElo "2632"]
[BlackElo "2542"]
[WhiteFideId "4108116"]
[BlackFideId "12401153"]
[EventDate "2022.11.11"]

1. Nf3 Nf6 2. c4 c6 3. g3 d5 4. Bg2 g6 5. O-O Bg7 6. d4 O-O 7. Nc3 dxc4 8. e4
Bg4 9. h3 Bxf3 10. Bxf3 e6 11. Be3 Nbd7 12. Qe2 b5 13. Rad1 Qe7 14. h4 h5 15.
Bg5 e5 16. d5 Qc5 17. a4 a6 18. Kg2 Rac8 19. axb5 axb5 20. g4 b4 21. dxc6 Qxc6
22. Nd5 Nxd5 23. exd5 Qd6 24. gxh5 gxh5 25. Bxh5 Nf6 26. Rg1 Kh8 27. Kh1 c3 28.
bxc3 Rxc3 29. Bf3 e4 30. Bxe4 Qe5 31. Bxf6 Bxf6 32. f3 Qh5 33. Rg4 Rg8 34. Rdg1
Rxg4 35. Rxg4 b3 36. Bd3 Rc1+ 37. Kg2 Qe5 38. Re4 Qb2 39. Qxb2 Bxb2 40. Rb4 Rc3
41. Be4 Ba3 42. Rb8+ Kg7 43. h5 Bd6 44. Rb6 Bf4 45. d6 Rc2+ 46. Kh3 Rd2 47. Kg4
Bxd6 48. Rxb3 Rd1 49. Rb7 Rg1+ 50. Kf5 Rh1 51. Kg4 Rg1+ 52. Kf5 Rh1 53. Kg4 Rg1+ 1/2-1/2

[Event "chess.com SpeedChess Q1KO"]
[Site "chess.com INT"]
[Date "2022.11.11"]
[Round "1.10"]
[White "Lazavik, Denis"]
[Black "Sarana, Alexey"]
[Result "1/2-1/2"]
[WhiteTitle "IM"]
[BlackTitle "GM"]
[WhiteElo "2529"]
[BlackElo "2668"]
[WhiteFideId "13515110"]
[BlackFideId "24133795"]
[EventDate "2022.11.11"]

1. d4 Nf6 2. c4 e6 3. Nf3 d5 4. g3 Bb4+ 5. Bd2 Be7 6. Bg2 O-O 7. O-O Nbd7 8. Qc2
c6 9. Bf4 b6 10. cxd5 cxd5 11. Rc1 Bb7 12. Bc7 Qe8 13. Qb3 Ne4 14. Nc3 Rc8 15.
Nb5 Ndc5 16. dxc5 bxc5 17. Bf4 c4 18. Qa4 Bc6 19. Nfd4 Nc5 20. Qxa7 Bxb5 21.
Nxb5 Ra8 22. Qb6 Na4 23. Qc7 Rc8 24. Qb7 Nc5 25. Qb6 Na4 26. Qa5 Ra8 27. Na7 Bc5
28. b3 Rxa7 29. Qd2 Nb6 30. Be3 Qe7 31. Bxc5 Qxc5 32. e4 Rc8 33. exd5 exd5 34.
bxc4 dxc4 35. h4 g6 36. Be4 c3 37. Qc2 Re7 38. Kg2 Qd4 39. Bf3 Rcc7 40. a4 Nd7
41. Rd1 Qf6 42. a5 Ne5 43. Bd5 Ng4 44. a6 Qb6 45. Bf3 Ne5 46. Be4 h5 47. Rdb1
Qc5 48. Rb3 Ng4 49. Bf3 Ne5 50. Be4 Qd4 51. Rd1 Qa7 52. Bb7 Qc5 53. Rc1 Ng4 54.
Bf3 Qa7 55. Bxg4 hxg4 56. Rxc3 Rxc3 57. Qxc3 Qxa6 58. Qc8+ Qxc8 59. Rxc8+ Kg7
60. Rc5 f5 61. Rc4 Kh6 62. Rc6 Ra7 63. Rd6 Ra2 64. Rc6 Rb2 65. Rd6 Rc2 66. Rb6
Rd2 67. Rc6 Rd3 1/2-1/2

[Event "chess.com SpeedChess Q1KO"]
[Site "chess.com INT"]
[Date "2022.11.11"]
[Round "1.10"]
[White "Mamedov, Rauf"]
[Black "Dubov, Daniil"]
[Result "1/2-1/2"]
[WhiteTitle "GM"]
[BlackTitle "GM"]
[WhiteElo "2646"]
[BlackElo "2708"]
[WhiteFideId "13401653"]
[BlackFideId "24126055"]
[EventDate "2022.11.11"]

1. Nf3 g6 2. g3 Bg7 3. Bg2 d6 4. O-O Nf6 5. d3 O-O 6. e4 a5 7. a3 a4 8. Nc3 c5
9. Re1 Nc6 10. e5 dxe5 11. Nxe5 Nxe5 12. Rxe5 Ra5 13. h3 b6 14. Bd2 Ra7 15. Nb5
Rd7 16. Qe2 Nd5 17. Re4 Bxb2 18. Rb1 Bg7 19. Rxa4 Bb7 20. Ra7 Bc6 21. c4 Bxb5
22. Rxd7 Bxd7 23. cxd5 Re8 24. h4 h5 25. Bg5 Bd4 26. Be3 e5 27. Bxd4 exd4 28.
Qb2 b5 29. Rc1 Qb6 30. Qd2 Rc8 31. Qf4 c4 32. d6 Be6 33. Qe5 c3 34. Bd5 Bxd5 35.
Qxd5 Rd8 36. d7 Qc7 37. Qxd4 c2 38. Qb2 Qxd7 39. Qxc2 Qxd3 40. Qxd3 Rxd3 41. Rb1
Rd5 42. Rb4 Kg7 43. a4 bxa4 44. Rxa4 Rd6 45. Kg2 Re6 46. Ra3 Rd6 47. Rf3 Re6 48.
Rd3 Rc6 49. Rf3 Re6 50. Rd3 Rc6 51. Rf3 Re6 1/2-1/2